01481 a2200193 45000010006000000050017000060080041000230030015000640400040000790800038001192450041001570200018001982640068002163000030002845050915003140410008012291000016012377000034012532688720260407155546.0260407a1981 arg spa dAR-UNSa-BCEJYS aAR-UNSa-BCEJYSbspacAR-UNSa-BCEJYS a711(09)xHistoría del Urbanismo10aHistoria del urbanismopEl siglo XIX a84-7088-261-9 1aMadrid :bInstituto de Estudios de Administración Localc1981 a2v. (622; 584 p.)c25 cm. aVol. I: 1. Los fenomenos territoriales y urbanos en el cuadro del crecimiento del capitalismo industrial - 2. La evolución del urbanismo en Gran Bretaña en el curso del siglo XIX - 3. La evolución del urbanismo en Francia en el curso del siglo XIX - 4. La evolución del urbanismo en Alemania en el curso del siglo XIX - 5. La evolución del urbanismo en las demás naciones europeas en el curso del siglo XIX - 6. La evolución del urbanismo en la Italia unificada -- Vol. II: 7. La evolución del urbanismo en los Estados Unidos de América - 8. La evolución del urbanismo en los demás países ligados al sistema capitalista - 9. Planes urbanisticos y política territorial en la organización de las colinas - 10. Las ciudades especializadas del trabajo y del tiempo libre - 11. Las expresiones de la ciudad decimononica - 12. Crítica, rechazo y corrección de la ciudad capitalista aspa1 aSica, Paolo1 aHernández Orozco, Joaquín